|
|
|
|
| LEADER |
00000nab a2200000 a 4500 |
| 001 |
vtls000479040 |
| 003 |
SK-MaSNL |
| 005 |
20260303005616.0 |
| 008 |
160204c1992 xo 0 slo |
| 015 |
|
|
|a SNBRA19rr/mm-uuuuu
|
| 035 |
|
|
|a CL0479175
|
| 040 |
|
|
|a SNKBUCL
|b slo
|c SNKBUCL
|e AACR2
|
| 041 |
0 |
|
|a slo
|
| 044 |
|
|
|a xo
|c SK
|
| 080 |
|
|
|a 712:504.54
|2 1981
|
| 080 |
|
|
|a 504.54
|2 1981
|
| 100 |
1 |
|
|a Streďanský, Jozef,
|d 1946-
|4 aut
|9 116697
|
| 245 |
1 |
0 |
|a Zásady tvorby vyváženej krajiny
|c J. Streďanský
|
| 300 |
|
|
|b Obr. 3, res. angl., lit. 8 zázn. v angl., češ., slov.
|
| 650 |
0 |
7 |
|a krajina
|2 snkbucl
|9 15725
|
| 655 |
|
7 |
|a články zo zborníkov
|2 snkbucl
|9 166140
|
| 773 |
0 |
|
|t International symposium at the occasion of the 100th anniversary of the Arboretum Mlyňany foundation 1892-1992
|d Bratislava : Veda, 1992
|g S. 32-36
|z 8022403989
|
| 850 |
|
|
|a Slovenská národná knižnica v Martine
|a MTA001
|
| 852 |
|
|
|a SNK
|b KIS3GCP
|
| 958 |
|
|
|a NB
|
| 958 |
|
|
|a RK
|
| 992 |
|
|
|a RZB
|
| 999 |
|
|
|c 1583421
|d 1585351
|